Moby Dick / (Record no. 126335)
[ view plain ]
| 000 -CABECERA | |
|---|---|
| campo de control de longitud fija | 00695cam a22002534a 4500 |
| 003 - IDENTIFICADOR DEL NÚMERO DE CONTROL | |
| campo de control | UPN |
| 005 - FECHA Y HORA DE LA ÚLTIMA TRANSACCIÓN | |
| campo de control | 20211007114329.0 |
| 008 - ELEMENTOS DE LONGITUD FIJA--INFORMACIÓN GENERAL | |
| campo de control de longitud fija | 080215s2007 mx a r 000 f spa d |
| 020 ## - NÚMERO INTERNACIONAL NORMALIZADO PARA LIBROS | |
| Número Internacional Estándar del Libro | 9789682476815 |
| 035 ## - NÚMERO DE CONTROL DEL SISTEMA | |
| Número de control de sistema | UPN01000154218 |
| 040 ## - FUENTE DE LA CATALOGACIÓN | |
| Centro catalogador/agencia de origen | UPN |
| Lengua de catalogación | spa |
| Centro/agencia transcriptor | UPN |
| 049 ## - COLECCIÓN | |
| Colección | CG |
| 050 #4 - SIGNATURA TOPOGRÁFICA DE LA BIBLIOTECA DEL CONGRESO | |
| Número de clasificación | PS2383 |
| Número de documento/Ítem | M6.3e |
| 100 1# - ASIENTO PRINCIPAL--NOMBRE PERSONAL | |
| Nombre de persona | Melville, Herman, |
| Fechas asociadas al nombre | 1819-1891 |
| 9 (RLIN) | 29256 |
| 245 10 - MENCIÓN DE TÍTULO | |
| Título | Moby Dick / |
| Mención de responsabilidad, etc. | Herman Melville. |
| 260 ## - PUBLICACIÓN, DISTRIBUCIÓN, ETC. | |
| Lugar de publicación, distribución, etc. | México : |
| Nombre del editor, distribuidor, etc. | Trillas, |
| Fecha de publicación, distribución, etc. | 2007. |
| 300 ## - DESCRIPCIÓN FÍSICA | |
| Extensión | 165 p. |
| Otras características físicas | il. |
| 490 0# - MENCIÓN DE SERIE | |
| Mención de serie | Lluvia de clásicos ; |
| Designación de volumen o secuencia | 21 |
| 650 #4 - ASIENTO SECUNDARIO DE MATERIA - TERMINO TEMATICO | |
| Término de materia o nombre geográfico como elemento de entrada | PESCA DE BALLENAS - |
| Subdivisión de forma | NOVELA |
| 9 (RLIN) | 8940 |
| 650 #4 - ASIENTO SECUNDARIO DE MATERIA - TERMINO TEMATICO | |
| Término de materia o nombre geográfico como elemento de entrada | BALLENAS - |
| Subdivisión de forma | LITERATURA JUVENIL |
| 9 (RLIN) | 8652 |
| 650 #4 - ASIENTO SECUNDARIO DE MATERIA - TERMINO TEMATICO | |
| Término de materia o nombre geográfico como elemento de entrada | CUENTOS DE MAR |
| 9 (RLIN) | 8752 |
| 905 ## - TIPO DE MATERIAL | |
| Tipo de material | Libro |
| 942 ## - ELEMENTOS DE PUNTO DE ACCESO ADICIONAL (KOHA) | |
| Fuente del sistema de clasificación o colocación | Library of Congress Classification |
| Tipo de ítem Koha | Libro |
| Estado de retiro | Estado de pérdida | Fuente del sistema de clasificación o colocación | Estado dañado | No para préstamo | Código de colección | Localización permanente | Ubicación/localización actual | Ubicación en estantería | Fecha de adquisición | Total de préstamos | Clasificación | Código de barras | Fecha visto por última vez | Fecha del último préstamo | Tipo de ítem Koha | Número de copia | Precio válido a partir de |
|---|---|---|---|---|---|---|---|---|---|---|---|---|---|---|---|---|---|
| Library of Congress Classification | Colección General | Bib. Gregorio Torres Quintero | Bib. Gregorio Torres Quintero | Planta baja | 03/05/2024 | 4 | PS2383 M6.3e | 255594 | 20/05/2024 | 03/05/2024 | Libro | ||||||
| Library of Congress Classification | Colección General | Bib. Gregorio Torres Quintero | Bib. Gregorio Torres Quintero | Planta baja | 15/03/2022 | PS2383 M6.3e | AP27 | 15/03/2022 | Libro | ej.2 | 15/03/2022 |
